000 00985nam a2200301 i 4500
003 DO-SdBNP
005 20250512090830.0
007 ta
008 250512s2024 pr 000 0 spa d
020 _a9789945455144
040 _aDO-SdBNP
_bspa
_cBNPHU
_erda
082 4 _a328.1
_bR789r 2024
_244
100 1 _aRosario Soto, Milton
_910429
_eautor
_4aut.
245 1 0 _aReglas de procedimiento parlamentario /
_cMilton Rosario Soto.
250 _aSexta edición
264 4 _aSan Juan, Puerto Rico :
_bEditorial Isla Negra,
_c©2024.
300 _a229 páginas ;
_c23 cm.
336 _atexto
_btxt
_2rdacontent
337 _asin mediación
_bn
_2rdamedia
338 _avolumen
_bnc
_2rdacarrier
500 _aIncluye datos biográficos del autor en la solapa de la cubierta
500 _aIncluye índice temático
504 _aBibliografía : p. 229
590 _aInventariado, 2025/ YL
650 1 4 _aPracticas parlamentarias
_915805
910 _aYLockward
942 _2ddc
_cLBS1
999 _c58994
_d58994